Southville International School and Colleges
Your cart is empty.
  • Cart
  • Lists
    Public lists Eva Luna New books Lux_list list_1
    Your lists Log in to create your own lists
  • Log in to your account
  • Your cookies
  • Search history
Southville International School and Colleges
  • Advanced search
  • Recent comments
  • Most popular
  • Libraries

Log in to your account

Log in with GOOGLE


If you do not have an external account, but do have a local account, you can still log in:

  1. Home
  2. MARC view: Bookkeeping for servicing and merchandising firms :
Normal view MARC view ISBD view

Bookkeeping for servicing and merchandising firms : (Record no. 293229)

[ view plain ]
MARC details
000 -LEADER
fixed length control field 00794nam a2200253Ia 4500
008 - FIXED-LENGTH DATA ELEMENTS--GENERAL INFORMATION
fixed length control field 160404s9999 xx 000 0 und d
020 ## - INTERNATIONAL STANDARD BOOK NUMBER
International Standard Book Number 971233077X
050 ## - LIBRARY OF CONGRESS CALL NUMBER
Classification number FIL HF 5661
050 ## - LIBRARY OF CONGRESS CALL NUMBER
Item number .E28 2001 c.2
100 ## - MAIN ENTRY--PERSONAL NAME
Personal name Ebusca, Saturnino Yadao.
245 ## - TITLE STATEMENT
Title Bookkeeping for servicing and merchandising firms :
245 ## - TITLE STATEMENT
Remainder of title an introduction to accounting /
245 ## - TITLE STATEMENT
Statement of responsibility, etc Saturnino Yadao Ebusca
260 ## - PUBLICATION, DISTRIBUTION, ETC. (IMPRINT)
Place of publication, distribution, etc Manila :
260 ## - PUBLICATION, DISTRIBUTION, ETC. (IMPRINT)
Name of publisher, distributor, etc Rex Book Store, Inc.,
260 ## - PUBLICATION, DISTRIBUTION, ETC. (IMPRINT)
Date of publication, distribution, etc 2001
300 ## - PHYSICAL DESCRIPTION
Extent 418 pages :
300 ## - PHYSICAL DESCRIPTION
Other physical details illustrations ;
300 ## - PHYSICAL DESCRIPTION
Dimensions 23 cm.
500 ## - GENERAL NOTE
General note Includes bibliographical references.
650 ## - SUBJECT ADDED ENTRY--TOPICAL TERM
Topical term or geographic name as entry element Bookkeeping -- Problems, exercises, etc.
650 ## - SUBJECT ADDED ENTRY--TOPICAL TERM
Topical term or geographic name as entry element Small business -- Philippines -- Accounting.
650 ## - SUBJECT ADDED ENTRY--TOPICAL TERM
General subdivision Service industries -- Philippines -- Accounting.
Holdings
Withdrawn status Lost status Damaged status Home library Current library Shelving location Date acquired Total Checkouts Full call number Barcode Date last seen Price effective from Koha item type
      South Mansfield College South Mansfield College Filipiniana Section     FIL HF 5661 .E28 2001 c.2 SMC03069 04/04/2016 04/04/2016  

Bookkeeping for servicing and merchandising firms :

APA

Ebusca S. Y., .Bookkeeping for servicing and merchandising firms. Manila: .

Chicago

Ebusca Saturnino Yadao, .Bookkeeping for servicing and merchandising firms. Manila: .

Harvard

Ebusca S. Y., .Bookkeeping for servicing and merchandising firms. Manila: .

MLA

Ebusca Saturnino Yadao, .Manila: . .

  • Place hold
  • Print
  • Cite
  • Add to your cart (remove)
  • Save record
    BIBTEX Dublin Core MARCXML MARC (non-Unicode/MARC-8) MARC (Unicode/UTF-8) MARC (Unicode/UTF-8, Standard) MODS (XML) RIS
  • More searches
    Search for this title in:
    Other Libraries (WorldCat) Other Databases (Google Scholar) Online Stores (Bookfinder.com) Open Library (openlibrary.org)

Exporting to Dublin Core...

SOUTHVILLE LIBRARY

Southville International School and Colleges Library

1281 Tropical Ave. Cor. Luxembourg St., BF Homes International, Las Pinas City

Tel. No. 8256374 / 252358 Loc. 117/146

Powered by Koha